00442cam a22001337a 4500008004000000082001400040100002300054245007900077260002700156300001000183650004600193650003300239650003600272180718b1977 xxu||||| |||| 00| 0 eng d aUx54 V559 aVenkatasubbiah, H. aEnterprise and economic change: fifty years of FICCIcby H. Venkatasubbiah aNew DelhibVikasc1977 a176p. aFederation of Indian Chambers of Commerce aChambers of Commerce - India aGovernment and business - India